000 01117nam a2200253 a 4500
001 53009
003 BD-RjUL
005 20211209075908.0
008 161002s1963 bg ||||| |||| 00| 0 ben d
020 _c: TK 1.00
035 _a(BD-RjUL)53129
040 _aBD-RjUL
_bben
_cBD-RjUL
041 _aben
082 _223
_a370.954
_bBHA 1963
245 0 0 _aভারতে শিক্ষার পুনর্গঠন /
260 _aনয়াদিল্লী :
_bন্যাশনাল বুক ট্রাস্ট,
_c১৯৬৩
300 _a৬৪ পৃ. ;
_c২১ সেমি.
490 _aআকাশবাণী কর্তৃক প্রচারিত প্যটেল স্মৃতি বক্তৃতামালা
650 _aশিক্ষা
_zভারত
_9158438
650 _aEducation
_zIndia
_9158439
700 _aহুসেন, জাকীর, অনুবাদ
_9158440
856 _3আকাশবাণী কর্তৃক প্রচারিত প্যটেল স্মৃতি বক্তৃতামালা
942 _2ddc
_cBK
999 _c53009
_d53009